| 000 | 00453nam a2200181Ia 4500 | ||
|---|---|---|---|
| 008 | 131103s9999 xx 000 0 und d | ||
| 020 | _a60038780 | ||
| 040 | _aLoreto College | ||
| 041 | _aEnglish | ||
| 082 |
_aF _bHIG |
||
| 100 | _aHighsmith,Patricia | ||
| 245 | 4 |
_aThe Tremor of forgery _cPatricia Highsmith |
|
| 260 |
_aEngland _bHamlyn Paperbacks _c1969 |
||
| 300 | _a240 p. | ||
| 650 | _aFiction in English | ||
| 850 | _aLCLIB | ||
| 942 | _cBK | ||
| 999 |
_c15408 _d65887 |
||